| 000 | 01967nam a2200349 i 4500 | ||
|---|---|---|---|
| 001 | 194845 | ||
| 003 | ES-MaACL | ||
| 005 | 20250804062703.0 | ||
| 008 | 240517b2023 sp ||||| |||| 00| 0 spa d | ||
| 017 | _aM 28698-2023 | ||
| 020 | _a9788419735505 | ||
| 020 | _a9788419735515 | ||
| 040 |
_bspa _cES-MaACL |
||
| 100 |
_aFosse, Jon, _d1959- _9236478 _eaut |
||
| 245 |
_aMañana y tarde / _bJon Fosse ; traducción de Cristina Gómez-Baggethun y Kristi Baggethun |
||
| 250 |
_aPrimera edición: octubre 2023 _bCuarta reimpresión: diciembre 2023 |
||
| 260 |
_aMadrid : _bNórdica Libros, _c2023 |
||
| 300 |
_a103 páginas ; _c22 cm |
||
| 336 |
_2rdacontent _atexto |
||
| 337 |
_2rdamedia _asin mediación |
||
| 338 |
_2rdacarrier _avolumen |
||
| 520 | _aNace un niño que se llamará Johannes. Muere un anciano llamado Johannes. Entre estos dos puntos, Jon Fosse nos da los detalles de toda una vida, crudamente comprimidos. Comenzando con los pensamientos del padre de Johannes cuando su esposa se pone de parto, y terminando con los propios pensamientos de Johannes cuando se embarca en un día de su vida en el que todo es exactamente igual, pero totalmente diferente, Mañana y tarde es una obra sobre el hermoso sueño de que nuestras vidas tienen sentido. Los momentos a lo largo de la novela son simples, cotidianos, pero la prosa rítmica, tortuosa y recortada de Fosse guía hábilmente a los lectores a través del pasado y el presente. | ||
| 655 | 0 |
_aNovelas _9234319 |
|
| 700 | 1 |
_aGómez Baggethun, Cristina _etrl _9152060 |
|
| 700 |
_aBaggethun, Kristi _etrl _9238729 |
||
| 852 |
_aES-MaACL _cDEPOJ _jN-9945 _xEncuadernación rústica con solapas _dDB-68 _hDonación: Editorial _9205861 |
||
| 942 |
_cMONOGRAFIA _n0 |
||
| 999 |
_c194845 _d194845 |
||